000 00394nam a2200133Ia 4500
008 191014s9999 xx 000 0 und d
020 _a0-486-65537-7
082 _a511.6
_bYAG
100 _aA.M.Yaglomand I.M.Yaglom
_923917
245 0 _aChallenging Mathematical problemsWith Elementary Solutions Volume II:
260 _aUSA
_bDover Publications INC.
_c1987
300 _aIx,214
942 _cBK
999 _c530865
_d530865